• 首页
  • 本馆介绍
  • 公告通知
  • 最新文献
  • 馆藏检索
  • 电子资源
  • 读者导购
  • 参考咨询
  • 我的图书馆
  • 登录
  • 详细信息显示
  • 放入我的书架
  • 预约/预借图书
  • 作者相关作品
  • 分类相关作品
  • 丛书相关作品
  • 出版社相关作品

书目信息

  • 表格格式
  • 工作单格式
  • 卡片格式
题名:
土地革命战争大事月表
    
 
作者: 田园乐 , 廖国良 编写
分册:  
出版信息: 北京   人民出版社  1987
页数: 299页
开本: 19cm
丛书名: 中国现代革命史资料丛刊
单 册:
中图分类: K263 , K263.5
科图分类:
主题词: 第二次国内革命战争--大事记--中国 , 中国--历史
电子资源:
ISBN:
000 00877nam2 2200301 45
001 0187008629
005 20040518173824.6
010    @dCNY1.65
091    @a11001.845
100    @a19900830d1987 emky0chiy0121 ea
101 0  @achi
102    @aCN@b110000
105    @aa z 000yy
106    @ar
200 10 @a土地革命战争大事月表@Atu di ge ming zhan zheng da shi yue biao@e1928年8月至1937年7月@f田园乐, 廖国良编写
210    @a北京@c人民出版社@d1987
215    @a299页@d19cm
225 2  @a中国现代革命史资料丛刊
410  0 @120010@a中国现代革命史资料丛刊
606    @a第二次国内革命战争@x大事记@y中国
606 0  @a中国@x历史
690    @aK263@v3
690    @aK263.5
701  0 @a田园乐@Atian yuan le@4编写
701  0 @a廖国良@Aliao guo liang@4编写
801  0 @aCN@b深圳图书馆@c20040518
801  2 @aCN@bNLC@c20040518
905    @f2@b213985-986@dK263.5@e12
    
    土地革命战争大事月表:1928年8月至1937年7月/田园乐, 廖国良编写.-北京:人民出版社,1987
    299页;19cm.-(中国现代革命史资料丛刊)
    
    
    ISBN :CNY1.65
    
●
相关链接 在E读中查询图书 在五车中查询图书 在当当中查询图书 在豆瓣中查询图书


正题名:土地革命战争大事月表     索取号:K263.5/12         预约/预借

序号 登录号 条形码 馆藏地/架位号 状态 备注
1 0213985   000352745   第二借阅区/ [索取号:K263.5/12] 在馆    
2 0213986   000352736   第二借阅区/ [索取号:K263.5/12] 在馆    
3 0213987   202086063   第二样本阅览室/ [索取号:K263.5/12] 在馆    
唐山师范学院图书馆 欢迎您!
大连网信软件有限公司© 版权所有